| 000 | 00363nam a22001577a 4500 | ||
|---|---|---|---|
| 999 |
_c7678 _d7678 |
||
| 003 | GBCCL | ||
| 005 | 20241126110633.0 | ||
| 008 | 180828b ||||| |||| 00| 0 eng d | ||
| 040 | _cgbc | ||
| 082 |
_aVER 248 _bSON |
||
| 100 |
_aSongate, T Khuma _913404 |
||
| 245 | _aRingna lungphum | ||
| 260 |
_aHyderabad: _bIPFA, _c1995. |
||
| 300 | _a92p. ; | ||
| 942 |
_2ddc _cBK |
||